[Event "Greek Team Championship"]
[Site "chess24.com"]
[Date "2017.07.04"]
[Round "3"]
[White "Papakonstantinou, Dimitrios"]
[Black "Michelakos, Panagiotis"]
[Result "0-1"]
[Board "4"]
[WhiteElo "2002"]
[WhiteCountry "GRE"]
[WhiteFideId "4250990"]
[WhiteEloChange "-3"]
[BlackElo "2291"]
[BlackCountry "GRE"]
[BlackFideId "4216067"]
[BlackEloChange "3"]

1. d4 {[%clk 1:30:57]} Nf6 {[%clk 1:29:56]} 2. Nf3 {[%clk 1:31:20]} e6 {[%clk
1:29:54]} 3. Bf4 {[%clk 1:30:30]} b6 {[%clk 1:28:07]} 4. e3 {[%clk 1:30:25]} Bb7
{[%clk 1:28:17]} 5. Nbd2 {[%clk 1:30:45]} Be7 {[%clk 1:26:11]} 6. h3 {[%clk
1:31:09]} c5 {[%clk 1:26:31]} 7. c3 {[%clk 1:31:32]} cxd4 {[%clk 1:25:15]} 8.
cxd4 {[%clk 1:31:32]} O-O {[%clk 1:24:45]} 9. Bd3 {[%clk 1:31:09]} d5 {[%clk
1:07:49]} 10. Ne5 {[%clk 1:29:46]} Nbd7 {[%clk 1:06:51]} 11. O-O {[%clk 1:27:20]}
Ne4 {[%clk 0:59:52]} 12. f3 {[%clk 1:01:31]} Nxe5 {[%clk 0:49:26]} 13. Bxe5
{[%clk 0:59:44]} Nd6 {[%clk 0:48:12]} 14. Rc1 {[%clk 1:00:05]} Qd7 {[%clk
0:46:16]} 15. f4 {[%clk 0:49:18]} Rac8 {[%clk 0:40:58]} 16. Qg4 {[%clk 0:46:52]}
f6 {[%clk 0:23:20]} 17. Bxd6 {[%clk 0:44:09]} Bxd6 {[%clk 0:23:44]} 18. Qh4
{[%clk 0:38:27]} g6 {[%clk 0:20:29]} 19. Nf3 {[%clk 0:37:28]} Bc6 {[%clk
0:19:30]} 20. g4 {[%clk 0:36:49]} Rc7 {[%clk 0:07:27]} 21. Qe1 {[%clk 0:17:26]}
Rfc8 {[%clk 0:01:02]} 22. Qh4 {[%clk 0:14:19]} Rf8 {[%clk 0:01:11]} 23. Qe1
{[%clk 0:14:45]} Rfc8 {[%clk 0:00:39]} 24. Qh4 {[%clk 0:15:11]} Kg7 {[%clk
0:00:34]} 25. f5 {[%clk 0:15:38]} exf5 {[%clk 0:00:51]} 26. gxf5 {[%clk 0:14:49]}
g5 {[%clk 0:01:02]} 27. Qg4 {[%clk 0:14:57]} Qe7 {[%clk 0:00:37]} 28. Rce1 {[%clk
0:15:10]} Re8 {[%clk 0:00:35]} 29. Nxg5 {[%clk 0:15:34]} Kh8 {[%clk 0:00:48]} 30.
Kh1 {[%clk 0:10:55]} Rg8 {[%clk 0:00:39]} 31. h4 {[%clk 0:11:22]} fxg5 {[%clk
0:00:52]} 32. f6 {[%clk 0:11:48]} Qf7 {[%clk 0:00:39]} 33. hxg5 {[%clk 0:11:46]}
Bd7 {[%clk 0:00:59]} 34. Qh4 {[%clk 0:12:11]} Be8 {[%clk 0:00:44]} 35. g6 {[%clk
0:12:37]} Rxg6 {[%clk 0:01:09]} 36. Bxg6 {[%clk 0:13:02]} Qxg6 {[%clk 0:01:35]}
37. e4 {[%clk 0:11:21]} dxe4 {[%clk 0:01:07]} 38. f7 {[%clk 0:06:51]} Rxf7 {[%clk
0:00:42]} 39. Rg1 {[%clk 0:04:55]} Rf4 {[%clk 0:00:42]} 0-1

[Event "Greek Team Championship"]
[Site "chess24.com"]
[Date "2017.07.04"]
[Round "3"]
[White "Brunello, Marina"]
[Black "Vatkali, Dimitra"]
[Result "1-0"]
[Board "5"]
[WhiteElo "2367"]
[WhiteTitle "FM"]
[WhiteCountry "ITA"]
[WhiteFideId "822590"]
[WhiteEloChange "2"]
[BlackElo "2017"]
[BlackCountry "GRE"]
[BlackFideId "4200705"]
[BlackEloChange "-2"]

1. e4 {[%clk 1:30:56]} c6 {[%clk 1:30:55]} 2. Nc3 {[%clk 1:31:02]} d5 {[%clk
1:31:20]} 3. Nf3 {[%clk 1:31:22]} Bg4 {[%clk 1:31:41]} 4. h3 {[%clk 1:31:44]}
Bxf3 {[%clk 1:32:06]} 5. Qxf3 {[%clk 1:32:11]} e6 {[%clk 1:32:27]} 6. g3 {[%clk
1:30:47]} Nd7 {[%clk 1:32:47]} 7. d3 {[%clk 1:30:32]} Bb4 {[%clk 1:32:38]} 8. a3
{[%clk 1:20:22]} Qa5 {[%clk 1:32:52]} 9. Bd2 {[%clk 1:19:33]} d4 {[%clk 1:33:00]}
10. Nb1 {[%clk 1:19:46]} Bxd2+ {[%clk 1:33:26]} 11. Nxd2 {[%clk 1:20:13]} Ne7
{[%clk 1:33:46]} 12. Bg2 {[%clk 1:19:14]} O-O {[%clk 1:34:09]} 13. Qe2 {[%clk
1:19:23]} Qc7 {[%clk 1:33:55]} 14. O-O {[%clk 1:15:49]} c5 {[%clk 1:33:27]} 15.
c4 {[%clk 1:13:06]} dxc3 {[%clk 1:09:03]} 16. bxc3 {[%clk 1:13:31]} Nc6 {[%clk
1:08:12]} 17. f4 {[%clk 1:11:56]} e5 {[%clk 1:08:08]} 18. Nc4 {[%clk 1:08:52]} b5
{[%clk 0:56:27]} 19. Ne3 {[%clk 1:09:17]} a5 {[%clk 0:56:22]} 20. Nd5 {[%clk
1:03:14]} Qd6 {[%clk 0:55:55]} 21. fxe5 {[%clk 0:54:12]} Ndxe5 {[%clk 0:40:13]}
22. Rad1 {[%clk 0:54:29]} Ng6 {[%clk 0:34:47]} 23. Qf2 {[%clk 0:43:09]} Rab8
{[%clk 0:25:52]} 24. d4 {[%clk 0:42:01]} cxd4 {[%clk 0:26:12]} 25. cxd4 {[%clk
0:42:27]} Qxa3 {[%clk 0:24:15]} 26. e5 {[%clk 0:42:50]} b4 {[%clk 0:19:28]} 27.
Be4 {[%clk 0:38:59]} Qa4 {[%clk 0:18:59]} 28. h4 {[%clk 0:36:23]} b3 {[%clk
0:13:49]} 29. h5 {[%clk 0:32:59]} Ngxe5 {[%clk 0:01:07]} 30. Qf5 {[%clk 0:24:34]}
Ng6 {[%clk 0:00:50]} 31. hxg6 {[%clk 0:20:14]} fxg6 {[%clk 0:01:03]} 32. Qd7
{[%clk 0:19:27]} Rxf1+ {[%clk 0:01:24]} 33. Kxf1 {[%clk 0:19:40]} Rf8+ {[%clk
0:00:39]} 34. Nf4 {[%clk 0:14:51]} b2 {[%clk 0:00:36]} 35. Qd5+ {[%clk 0:14:34]}
Kh8 {[%clk 0:01:00]} 36. Ke2 {[%clk 0:13:23]} Ne7 {[%clk 0:00:46]} 37. Qc5 {[%clk
0:12:47]} Qd7 {[%clk 0:00:39]} 38. Rh1 {[%clk 0:12:15]} Re8 {[%clk 0:00:40]} 39.
Kf2 {[%clk 0:09:54]} Rc8 {[%clk 0:00:37]} 40. Qxe7 {[%clk 0:38:41]} Qxd4+ {[%clk
0:30:36]} 41. Kg2 {[%clk 0:32:57]} Qd2+ {[%clk 0:30:47]} 42. Kh3 {[%clk 0:33:05]}
Rd8 {[%clk 0:27:32]} 43. Nxg6+ {[%clk 0:32:59]} hxg6 {[%clk 0:27:55]} 44. Kg4+
{[%clk 0:33:26]} Kg8 {[%clk 0:28:17]} 45. Qe6+ {[%clk 0:33:53]} 1-0

[Event "Greek Team Championship"]
[Site "chess24.com"]
[Date "2017.07.04"]
[Round "3"]
[White "Batzoli, Maria"]
[Black "Avramidou, Anastasia"]
[Result "0-1"]
[Board "6"]
[WhiteElo "1359"]
[WhiteCountry "GRE"]
[WhiteFideId "25810375"]
[WhiteEloChange "-2"]
[BlackElo "2247"]
[BlackTitle "FM"]
[BlackCountry "GRE"]
[BlackFideId "4239873"]
[BlackEloChange "2"]

1. d4 {[%clk 1:30:52]} g6 {[%clk 1:30:53]} 2. Nf3 {[%clk 1:31:17]} Bg7 {[%clk
1:31:17]} 3. Bg5 {[%clk 1:31:43]} c5 {[%clk 1:30:07]} 4. c3 {[%clk 1:31:59]} Qb6
{[%clk 1:26:50]} 5. Qb3 {[%clk 1:32:13]} Qxb3 {[%clk 1:24:15]} 6. axb3 {[%clk
1:32:27]} d6 {[%clk 1:24:40]} 7. e3 {[%clk 1:32:50]} Nf6 {[%clk 1:24:12]} 8. Bb5+
{[%clk 1:32:59]} Bd7 {[%clk 1:22:53]} 9. Bxd7+ {[%clk 1:33:07]} Nbxd7 {[%clk
1:23:13]} 10. Nbd2 {[%clk 1:33:29]} h6 {[%clk 1:20:23]} 11. Bxf6 {[%clk 1:32:08]}
Bxf6 {[%clk 1:20:07]} 12. Ke2 {[%clk 1:32:20]} Bg7 {[%clk 1:18:13]} 13. Ra3
{[%clk 1:30:21]} a6 {[%clk 1:14:13]} 14. Rha1 {[%clk 1:30:28]} Rc8 {[%clk
1:14:16]} 15. c4 {[%clk 1:30:37]} O-O {[%clk 1:13:00]} 16. R1a2 {[%clk 1:29:48]}
Rfe8 {[%clk 0:58:00]} 17. Kd3 {[%clk 1:29:19]} cxd4 {[%clk 0:55:17]} 18. exd4
{[%clk 1:29:34]} e5 {[%clk 0:55:40]} 19. b4 {[%clk 1:29:36]} f5 {[%clk 0:48:51]}
20. Kc3 {[%clk 1:24:06]} exd4+ {[%clk 0:47:01]} 21. Nxd4 {[%clk 1:24:22]} Re2
{[%clk 0:47:10]} 22. Kd3 {[%clk 1:24:36]} Rxf2 {[%clk 0:47:05]} 23. N2f3 {[%clk
1:24:07]} Ne5+ {[%clk 0:46:28]} 0-1

[Event "Greek Team Championship"]
[Site "chess24.com"]
[Date "2017.07.04"]
[Round "3"]
[White "Bastianou, Chrysoula"]
[Black "Tzartzi, Petroula"]
[Result "1-0"]
[Board "7"]
[WhiteElo "1643"]
[WhiteCountry "GRE"]
[WhiteFideId "4294106"]
[WhiteEloChange "2"]
[BlackElo "1243"]
[BlackCountry "GRE"]
[BlackFideId "25811169"]
[BlackEloChange "-2"]

1. d4 {[%clk 1:30:56]} g6 {[%clk 1:30:51]} 2. c4 {[%clk 1:31:20]} Bg7 {[%clk
1:31:09]} 3. Nc3 {[%clk 1:31:46]} c5 {[%clk 1:31:17]} 4. d5 {[%clk 1:32:10]}
Bxc3+ {[%clk 1:31:27]} 5. bxc3 {[%clk 1:32:32]} d6 {[%clk 1:29:11]} 6. e4 {[%clk
1:32:21]} Nf6 {[%clk 1:27:55]} 7. Bd3 {[%clk 1:30:58]} Qa5 {[%clk 1:26:07]} 8.
Qc2 {[%clk 1:29:00]} Nbd7 {[%clk 1:25:08]} 9. Ne2 {[%clk 1:26:57]} Ne5 {[%clk
1:22:11]} 10. O-O {[%clk 1:22:16]} Bd7 {[%clk 1:21:17]} 11. f4 {[%clk 1:15:58]}
Nxd3 {[%clk 1:20:20]} 12. Qxd3 {[%clk 1:16:19]} O-O-O {[%clk 1:20:02]} 13. Bd2
{[%clk 1:05:31]} Rdg8 {[%clk 1:15:12]} 14. Rab1 {[%clk 1:00:24]} h5 {[%clk
1:10:27]} 15. Ra1 {[%clk 0:46:50]} Qa6 {[%clk 1:03:56]} 16. a4 {[%clk 0:34:04]}
e6 {[%clk 0:59:31]} 17. e5 {[%clk 0:19:35]} Ne8 {[%clk 0:58:35]} 18. Nc1 {[%clk
0:14:57]} Rf8 {[%clk 0:48:45]} 19. Be3 {[%clk 0:11:45]} b6 {[%clk 0:45:51]} 20.
exd6 {[%clk 0:08:57]} exd5 {[%clk 0:41:24]} 21. cxd5 {[%clk 0:06:31]} Qxd3 {[%clk
0:41:22]} 22. Nxd3 {[%clk 0:06:57]} Nxd6 {[%clk 0:41:23]} 23. Ne5 {[%clk
0:05:47]} Bf5 {[%clk 0:40:41]} 24. a5 {[%clk 0:04:52]} Kb7 {[%clk 0:39:45]} 25.
h3 {[%clk 0:03:17]} Be4 {[%clk 0:37:58]} 26. Rfd1 {[%clk 0:02:48]} Re8 {[%clk
0:32:44]} 27. Bf2 {[%clk 0:01:42]} h4 {[%clk 0:28:14]} 28. Ra2 {[%clk 0:01:09]}
Rh5 {[%clk 0:26:48]} 29. axb6 {[%clk 0:00:59]} axb6 {[%clk 0:26:39]} 30. Ng4
{[%clk 0:01:03]} Rxd5 {[%clk 0:21:34]} 31. Rxd5 {[%clk 0:01:17]} Bxd5 {[%clk
0:21:49]} 32. Rd2 {[%clk 0:01:34]} Kc6 {[%clk 0:15:39]} 33. Ne5+ {[%clk 0:01:30]}
Kb5 {[%clk 0:15:02]} 34. Rxd5 {[%clk 0:01:39]} Ne4 {[%clk 0:14:28]} 35. c4+
{[%clk 0:01:48]} Kb4 {[%clk 0:14:05]} 36. Rd1 {[%clk 0:01:07]} Ng3 {[%clk
0:13:33]} 37. Rb1+ {[%clk 0:01:12]} Ka5 {[%clk 0:13:21]} 38. Nc6+ {[%clk
0:01:10]} Ka6 {[%clk 0:13:14]} 39. Ra1+ {[%clk 0:01:03]} Kb7 {[%clk 0:13:24]} 40.
Ne5 {[%clk 0:31:15]} Re7 {[%clk 0:41:34]} 41. Bxg3 {[%clk 0:28:31]} hxg3 {[%clk
0:41:45]} 42. Ra7+ {[%clk 0:26:47]} Kxa7 {[%clk 0:41:23]} 43. Nc6+ {[%clk
0:27:14]} Ka6 {[%clk 0:41:35]} 44. Nxe7 {[%clk 0:27:39]} Ka5 {[%clk 0:41:49]} 45.
Nc8 {[%clk 0:26:27]} b5 {[%clk 0:41:15]} 46. cxb5 {[%clk 0:26:50]} Kxb5 {[%clk
0:41:36]} 47. Kf1 {[%clk 0:23:44]} c4 {[%clk 0:41:04]} 48. Ke2 {[%clk 0:23:17]}
Kb4 {[%clk 0:40:30]} 49. Kd2 {[%clk 0:23:24]} Kb3 {[%clk 0:40:16]} 50. Nd6 {[%clk
0:21:40]} c3+ {[%clk 0:40:13]} 51. Kc1 {[%clk 0:22:06]} f6 {[%clk 0:40:24]} 52.
Ne4 {[%clk 0:22:07]} f5 {[%clk 0:40:23]} 53. Nxg3 {[%clk 0:21:40]} Kc4 {[%clk
0:39:41]} 54. Kc2 {[%clk 0:20:52]} Kd4 {[%clk 0:39:51]} 55. Nxf5+ {[%clk
0:18:29]} gxf5 {[%clk 0:40:05]} 56. g4 {[%clk 0:18:42]} fxg4 {[%clk 0:40:05]} 57.
hxg4 {[%clk 0:19:07]} Ke4 {[%clk 0:40:01]} 58. f5 {[%clk 0:19:25]} Ke5 {[%clk
0:40:07]} 59. Kxc3 {[%clk 0:19:50]} 1-0

[Event "Greek Team Championship"]
[Site "chess24.com"]
[Date "2017.07.04"]
[Round "3"]
[White "Mihalakis, Athanasios"]
[Black "Kouskoutis, Georgios-Alexandros"]
[Result "0-1"]
[Board "8"]
[WhiteElo "1422"]
[WhiteCountry "GRE"]
[WhiteFideId "4262840"]
[WhiteEloChange "-2"]
[BlackElo "2242"]
[BlackCountry "GRE"]
[BlackFideId "4234049"]
[BlackEloChange "2"]

1. d4 {[%clk 1:30:46]} Nf6 {[%clk 1:30:47]} 2. Nf3 {[%clk 1:30:58]} e6 {[%clk
1:30:52]} 3. e3 {[%clk 1:31:10]} d5 {[%clk 1:30:42]} 4. Bd3 {[%clk 1:31:31]} b6
{[%clk 1:30:53]} 5. Nbd2 {[%clk 1:30:44]} Bb7 {[%clk 1:31:09]} 6. O-O {[%clk
1:29:07]} Bd6 {[%clk 1:31:29]} 7. b3 {[%clk 1:29:25]} O-O {[%clk 1:31:37]} 8. Bb2
{[%clk 1:29:45]} Ne4 {[%clk 1:30:54]} 9. Re1 {[%clk 1:19:22]} Nd7 {[%clk
1:30:38]} 10. Ne5 {[%clk 1:12:32]} Nxe5 {[%clk 1:17:36]} 11. dxe5 {[%clk
1:12:17]} Bb4 {[%clk 1:17:21]} 12. Bxe4 {[%clk 1:12:23]} dxe4 {[%clk 1:17:46]}
13. c3 {[%clk 1:11:24]} Bc5 {[%clk 1:15:46]} 14. b4 {[%clk 1:09:54]} Be7 {[%clk
1:16:08]} 15. Qc2 {[%clk 1:10:09]} Qd3 {[%clk 1:04:31]} 16. Qxd3 {[%clk 1:10:15]}
exd3 {[%clk 1:04:58]} 17. a3 {[%clk 1:10:17]} a5 {[%clk 1:03:16]} 18. e4 {[%clk
0:29:20]} Bc6 {[%clk 1:01:48]} 19. Re3 {[%clk 0:28:35]} Rfd8 {[%clk 1:02:08]} 20.
f4 {[%clk 0:25:11]} axb4 {[%clk 1:00:08]} 21. cxb4 {[%clk 0:25:24]} Ba4 {[%clk
1:00:30]} 22. Rg3 {[%clk 0:21:52]} c5 {[%clk 0:57:45]} 23. f5 {[%clk 0:12:42]}
cxb4 {[%clk 0:57:15]} 24. f6 {[%clk 0:10:23]} Bc5+ {[%clk 0:57:38]} 25. Kf1
{[%clk 0:10:48]} g6 {[%clk 0:57:52]} 26. h4 {[%clk 0:10:50]} bxa3 {[%clk
0:57:25]} 27. Bxa3 {[%clk 0:10:57]} Bc2 {[%clk 0:57:11]} 28. Bxc5 {[%clk
0:09:47]} Rxa1+ {[%clk 0:57:33]} 29. Kf2 {[%clk 0:10:06]} bxc5 {[%clk 0:57:58]}
30. h5 {[%clk 0:10:25]} c4 {[%clk 0:58:14]} 31. hxg6 {[%clk 0:09:53]} hxg6 {[%clk
0:58:15]} 32. Ke3 {[%clk 0:09:10]} c3 {[%clk 0:58:25]} 33. Rh3 {[%clk 0:07:40]}
Re1+ {[%clk 0:58:46]} 34. Kf4 {[%clk 0:07:29]} cxd2 {[%clk 0:59:04]} 35. g4
{[%clk 0:07:20]} d1Q {[%clk 0:59:17]} 36. Kg5 {[%clk 0:05:57]} Qd2+ {[%clk
0:59:18]} 37. Kh4 {[%clk 0:05:58]} Rg1 {[%clk 0:59:31]} 38. Re3 {[%clk 0:04:41]}
Qxe3 {[%clk 0:59:53]} 39. g5 {[%clk 0:05:02]} Qg3# {[%clk 1:00:18]} 0-1

[Event "Greek Team Championship"]
[Site "chess24.com"]
[Date "2017.07.04"]
[Round "3"]
[White "Androutsopoulos-Agiotatos, Vasil"]
[Black "Karagiannis, Emmanouil"]
[Result "1-0"]
[Board "9"]
[WhiteElo "2088"]
[WhiteCountry "GRE"]
[WhiteFideId "4268130"]
[WhiteEloChange "2"]
[BlackElo "1338"]
[BlackCountry "GRE"]
[BlackFideId "4292197"]
[BlackEloChange "-2"]

1. e4 {[%clk 1:30:51]} c5 {[%clk 1:30:56]} 2. Nf3 {[%clk 1:31:15]} Nc6 {[%clk
1:31:21]} 3. d4 {[%clk 1:30:20]} cxd4 {[%clk 1:31:45]} 4. Nxd4 {[%clk 1:30:48]}
e5 {[%clk 1:32:09]} 5. Nb5 {[%clk 1:30:54]} d6 {[%clk 1:32:34]} 6. c4 {[%clk
1:29:37]} Be7 {[%clk 1:32:34]} 7. N1c3 {[%clk 1:27:49]} a6 {[%clk 1:32:50]} 8.
Na3 {[%clk 1:28:02]} Be6 {[%clk 1:32:42]} 9. Bd3 {[%clk 1:25:06]} Bg5 {[%clk
1:32:38]} 10. O-O {[%clk 1:23:02]} Bxc1 {[%clk 1:32:06]} 11. Rxc1 {[%clk
1:22:43]} Nge7 {[%clk 1:31:54]} 12. Qd2 {[%clk 1:15:24]} O-O {[%clk 1:31:25]} 13.
Rfd1 {[%clk 1:14:03]} Qd7 {[%clk 1:23:46]} 14. Nc2 {[%clk 1:02:01]} Rac8 {[%clk
1:19:31]} 15. Bf1 {[%clk 0:41:16]} Rfd8 {[%clk 1:18:59]} 16. b3 {[%clk 0:38:06]}
Qc7 {[%clk 1:00:09]} 17. Nd5 {[%clk 0:36:50]} Qb8 {[%clk 0:53:20]} 18. b4 {[%clk
0:33:13]} Ng6 {[%clk 0:44:12]} 19. b5 {[%clk 0:29:26]} Nce7 {[%clk 0:36:38]} 20.
b6 {[%clk 0:26:25]} Nxd5 {[%clk 0:32:23]} 21. cxd5 {[%clk 0:26:03]} Bd7 {[%clk
0:32:45]} 22. Ne3 {[%clk 0:24:55]} Rxc1 {[%clk 0:32:33]} 23. Rxc1 {[%clk
0:25:20]} Rc8 {[%clk 0:32:56]} 24. Rxc8+ {[%clk 0:23:42]} Qxc8 {[%clk 0:32:59]}
25. Qb4 {[%clk 0:23:33]} Qc5 {[%clk 0:28:18]} 26. Qxc5 {[%clk 0:22:33]} dxc5
{[%clk 0:28:42]} 27. Bxa6 {[%clk 0:22:57]} Bc8 {[%clk 0:28:52]} 28. Bb5 {[%clk
0:23:07]} Ne7 {[%clk 0:28:52]} 29. d6 {[%clk 0:23:26]} Nc6 {[%clk 0:29:10]} 30.
Bxc6 {[%clk 0:23:54]} 1-0

[Event "Greek Team Championship"]
[Site "chess24.com"]
[Date "2017.07.04"]
[Round "3"]
[White "Gavriil, Odysseas-Panagiotis"]
[Black "Krallis, Christos"]
[Result "1-0"]
[Board "10"]
[WhiteElo "1679"]
[WhiteCountry "GRE"]
[WhiteFideId "4298012"]
[WhiteEloChange "18"]
[BlackElo "2218"]
[BlackCountry "GRE"]
[BlackFideId "4298896"]
[BlackEloChange "-18"]

1. e4 {[%clk 1:30:58]} c5 {[%clk 1:26:47]} 2. Nf3 {[%clk 1:31:20]} g6 {[%clk
1:26:43]} 3. d4 {[%clk 1:31:42]} cxd4 {[%clk 1:27:07]} 4. Nxd4 {[%clk 1:32:02]}
Bg7 {[%clk 1:27:27]} 5. c4 {[%clk 1:32:07]} Nc6 {[%clk 1:27:45]} 6. Be3 {[%clk
1:32:33]} Nf6 {[%clk 1:28:07]} 7. Nc3 {[%clk 1:32:59]} O-O {[%clk 1:28:28]} 8.
Be2 {[%clk 1:33:01]} d6 {[%clk 1:28:51]} 9. O-O {[%clk 1:33:08]} Bd7 {[%clk
1:29:04]} 10. Qd2 {[%clk 1:32:59]} Nxd4 {[%clk 1:29:20]} 11. Bxd4 {[%clk
1:33:24]} Bc6 {[%clk 1:29:41]} 12. f3 {[%clk 1:33:45]} a5 {[%clk 1:29:48]} 13. b3
{[%clk 1:33:47]} Nd7 {[%clk 1:30:07]} 14. Be3 {[%clk 1:34:09]} Nc5 {[%clk
1:29:05]} 15. Rab1 {[%clk 1:32:18]} f5 {[%clk 1:26:23]} 16. exf5 {[%clk 1:26:19]}
gxf5 {[%clk 1:25:48]} 17. a3 {[%clk 1:25:40]} a4 {[%clk 1:25:17]} 18. b4 {[%clk
1:23:59]} Nb3 {[%clk 1:25:15]} 19. Qd3 {[%clk 1:22:15]} f4 {[%clk 1:21:46]} 20.
Bf2 {[%clk 1:21:47]} Be8 {[%clk 1:19:38]} 21. Ne4 {[%clk 1:17:52]} Qc8 {[%clk
1:14:26]} 22. c5 {[%clk 1:02:20]} dxc5 {[%clk 1:10:06]} 23. Nxc5 {[%clk 1:00:35]}
Bg6 {[%clk 1:09:27]} 24. Qc4+ {[%clk 0:47:57]} Kh8 {[%clk 1:05:16]} 25. Rbd1
{[%clk 0:43:40]} Rf6 {[%clk 1:00:37]} 26. Bh4 {[%clk 0:30:23]} Bf7 {[%clk
0:57:33]} 27. Qb5 {[%clk 0:27:50]} Rc6 {[%clk 0:54:31]} 28. Qxb7 {[%clk 0:19:31]}
Rxc5 {[%clk 0:52:01]} 29. Qxe7 {[%clk 0:19:16]} Rc7 {[%clk 0:51:44]} 30. Qe4
{[%clk 0:19:04]} Qe8 {[%clk 0:46:10]} 31. Qxf4 {[%clk 0:17:25]} Qe5 {[%clk
0:44:54]} 32. Qxe5 {[%clk 0:14:01]} Bxe5 {[%clk 0:44:53]} 33. f4 {[%clk 0:10:11]}
Bg7 {[%clk 0:43:14]} 34. f5 {[%clk 0:09:06]} Nd4 {[%clk 0:42:47]} 35. Bd3 {[%clk
0:07:57]} Re8 {[%clk 0:40:45]} 36. g4 {[%clk 0:06:23]} Bd5 {[%clk 0:39:11]} 37.
f6 {[%clk 0:05:17]} Bh6 {[%clk 0:39:27]} 38. g5 {[%clk 0:03:40]} Bxg5 {[%clk
0:39:46]} 39. Bxg5 {[%clk 0:03:32]} Rg8 {[%clk 0:40:00]} 40. h4 {[%clk 0:32:31]}
h6 {[%clk 1:10:29]} 41. Bb1 {[%clk 0:27:50]} hxg5 {[%clk 1:04:14]} 42. Rxd4
{[%clk 0:25:06]} gxh4+ {[%clk 1:04:34]} 43. Kf2 {[%clk 0:24:06]} Rg2+ {[%clk
1:03:54]} 44. Ke3 {[%clk 0:24:15]} Rc3+ {[%clk 1:03:31]} 45. Bd3 {[%clk 0:22:23]}
Bf7 {[%clk 1:01:42]} 46. Rxh4+ {[%clk 0:18:24]} Kg8 {[%clk 1:02:03]} 47. Rd4
{[%clk 0:15:27]} Bg6 {[%clk 1:02:28]} 48. f7+ {[%clk 0:12:44]} Bxf7 {[%clk
1:02:52]} 49. Rd8+ {[%clk 0:13:00]} Kg7 {[%clk 1:03:18]} 50. Rd7 {[%clk 0:11:42]}
Rxa3 {[%clk 1:02:49]} 51. Rdxf7+ {[%clk 0:11:53]} Kh8 {[%clk 1:02:23]} 52. Rf8+
{[%clk 0:12:10]} Rg8 {[%clk 1:02:42]} 53. Rh1+ {[%clk 0:12:26]} Kg7 {[%clk
1:03:10]} 54. Rxg8+ {[%clk 0:09:36]} Kxg8 {[%clk 1:03:34]} 55. Rb1 {[%clk
0:09:19]} Rc3 {[%clk 1:03:09]} 56. Kd4 {[%clk 0:08:28]} Rc8 {[%clk 1:03:32]} 57.
b5 {[%clk 0:08:03]} Rd8+ {[%clk 1:03:58]} 58. Kc3 {[%clk 0:08:10]} Kf7 {[%clk
1:03:39]} 59. Ra1 {[%clk 0:07:59]} Ra8 {[%clk 1:03:32]} 60. Kb4 {[%clk 0:08:18]}
Ke7 {[%clk 1:03:34]} 61. Rxa4 {[%clk 0:08:40]} Rd8 {[%clk 1:03:54]} 62. Ra7+
{[%clk 0:08:43]} Kd6 {[%clk 1:04:15]} 63. Be4 {[%clk 0:07:56]} Re8 {[%clk
1:04:37]} 64. Bc6 {[%clk 0:07:55]} Re1 {[%clk 1:04:51]} 65. Rd7+ {[%clk 0:07:44]}
Ke6 {[%clk 1:05:16]} 66. Kc5 {[%clk 0:07:45]} Rc1+ {[%clk 1:05:25]} 67. Kb6
{[%clk 0:08:08]} Ra1 {[%clk 1:05:46]} 68. Kb7 {[%clk 0:08:22]} 1-0

[Event "Greek Team Championship"]
[Site "chess24.com"]
[Date "2017.07.04"]
[Round "3"]
[White "David, Alberto"]
[Black "Papaioannou, Ioannis"]
[Result "1/2-1/2"]
[Board "1"]
[WhiteElo "2567"]
[WhiteTitle "GM"]
[WhiteCountry "ITA"]
[WhiteFideId "4000013"]
[WhiteEloChange "1"]
[BlackElo "2636"]
[BlackTitle "GM"]
[BlackCountry "GRE"]
[BlackFideId "4201345"]
[BlackEloChange "-1"]

1. e4 {[%clk 1:30:54]} c5 {[%clk 1:20:48]} 2. Nf3 {[%clk 1:31:09]} d6 {[%clk
1:21:11]} 3. Bb5+ {[%clk 1:31:17]} Nd7 {[%clk 1:21:32]} 4. c3 {[%clk 1:31:26]}
Nf6 {[%clk 1:21:43]} 5. Qe2 {[%clk 1:31:45]} a6 {[%clk 1:21:25]} 6. Ba4 {[%clk
1:32:07]} g6 {[%clk 1:20:43]} 7. O-O {[%clk 1:31:25]} b5 {[%clk 1:20:40]} 8. Bc2
{[%clk 1:31:51]} Bg7 {[%clk 1:20:33]} 9. d4 {[%clk 1:31:36]} Bb7 {[%clk 1:20:32]}
10. Rd1 {[%clk 1:27:35]} cxd4 {[%clk 1:18:02]} 11. cxd4 {[%clk 1:27:42]} O-O
{[%clk 1:17:59]} 12. a4 {[%clk 1:09:17]} Qc7 {[%clk 1:14:25]} 13. Bd3 {[%clk
1:01:32]} e5 {[%clk 1:11:32]} 14. axb5 {[%clk 0:57:33]} axb5 {[%clk 1:11:48]} 15.
Rxa8 {[%clk 0:54:16]} Bxa8 {[%clk 1:09:26]} 16. dxe5 {[%clk 0:43:47]} dxe5 {[%clk
1:04:12]} 17. b4 {[%clk 0:43:30]} Bc6 {[%clk 0:58:09]} 18. Nc3 {[%clk 0:41:25]}
Qb7 {[%clk 0:57:25]} 19. Bxb5 {[%clk 0:30:23]} Bxb5 {[%clk 0:56:05]} 20. Qxb5
{[%clk 0:30:43]} Qxb5 {[%clk 0:56:11]} 21. Nxb5 {[%clk 0:31:09]} Rb8 {[%clk
0:56:34]} 22. Nd6 {[%clk 0:29:41]} Rxb4 {[%clk 0:56:07]} 23. Ng5 {[%clk 0:28:33]}
Rb1 {[%clk 0:48:41]} 24. Rf1 {[%clk 0:26:04]} Nf8 {[%clk 0:41:51]} 25. h3 {[%clk
0:19:12]} h6 {[%clk 0:41:05]} 26. Ngxf7 {[%clk 0:19:08]} Nxe4 {[%clk 0:41:27]}
27. Be3 {[%clk 0:17:52]} Rxf1+ {[%clk 0:41:45]} 28. Kxf1 {[%clk 0:18:19]} Nxd6
{[%clk 0:41:49]} 29. Nxd6 {[%clk 0:18:44]} Nd7 {[%clk 0:42:11]} 30. Ke2 {[%clk
0:18:24]} Bf8 {[%clk 0:42:21]} 31. Ne4 {[%clk 0:18:28]} Kf7 {[%clk 0:42:44]} 32.
Kd3 {[%clk 0:18:33]} Nf6 {[%clk 0:42:57]} 33. Nxf6 {[%clk 0:16:35]} Kxf6 {[%clk
0:43:20]} 34. Ke4 {[%clk 0:17:02]} Ke6 {[%clk 0:43:43]} 35. Bd2 {[%clk 0:16:26]}
h5 {[%clk 0:43:43]} 1/2-1/2